000 00401nam a2200145Ia 4500
008 090122s9999 xx 000 0 und d
082 _b7747
_a891.463
100 _aशेवते
_bअरुण
245 _aका.लांी.दी.
600 _aशेवते
630 _aका.लांी.दी.
700 _aशेवते
730 _aका.लांी.दी.
942 _cBOOK
999 _c31824
_d31824